000
00250 a2200097 4500
001
55553
100
_a
245
_a
Ifadat azad ; mazhabi aur adabi aistafsarat ke jawabat
260
_a
Islamabad
_b
Pan Book Ltd
_c
2007
090
_c
34485
_d
34485
942
_a
NUST-CAE
_c
MONOGRAPH
_c
27208
999
_c
290626
_d
290626